000 01006nas a2200313 4500
001 BR0807676
003 BR-BrBNA
005 20231205112715.0
007 ta
008 230509b bl.|||p| |||| 00| 00por d
040 _aBR-BrBNA
_bpor
_cBiblioteca Nacional de Agricultura
041 _a(En)
072 _aF60; F50
100 1 _aMesquita, A.C.
100 1 _aOliveira, L.E.M. de
100 1 _aMassafera, P.
100 1 _aDelú Filho, N.
245 1 _aAnatomical characteristics and enzymes of sucrose metabolism and their relationship with latex yield in the rubber tree (Hevea brasiliensis Muell. Arg.)
650 _aSERINGUEIRA
650 _aANATOMIA VEGETAL
650 _aBIOLOGIA VEGETAL
650 _aFISIOLOGIA VEGETAL
650 _aENZIMA
650 _aSACAROSE
650 _aLATEX
773 0 _tBrazilian Journal of Plant Physiology (Brazil)
_xISSN 1677-0420
_g(Apr-Jun 2006), v. 18(2) p. 263-268
_wBR0807676
909 _a202311
_bLúcia
_c55
_dLúcia Elande
942 _2AGRIS
_n0
_cANA
999 _c199493
_d199493